00386nam a2200157Ia 45000010006000000050017000060080041000230410008000640820017000721000024000892450062001132600009001753000028001846500008002126540008002202257420260414150840.0260414t2009||||xx |||||||||||||| ||spa|| aESP a621.382bS54 aSilage, DenniseAUT 0aDigital Communication systems using matlab and simulinkb c2009 a187 páginas :c25 cm. aTCA aCET